Elektrické a dielektrické vlastnosti vybraných gúm : Diplomová práca

Enregistré dans:
Détails bibliographiques
Auteur principal: Bzdušek, Dušan (Auteur)
Autres auteurs: Kubliha, Marian (xxx)
Format: Manuscrit Livre
Langue:slovaque
Publié: Trnava : STU v Bratislave MtF KMI, 2001
Sujets:
Tags: Ajouter un tag
Pas de tags, Soyez le premier à ajouter un tag!

MARC

LEADER 00000ntm a22000003a 4500
001 stu85640
005 20160719154731.1
008 040406s2001----xo------------------slo-d
040 |a STU  |b slo 
041 0 |a slo 
044 |a xo 
100 1 |a Bzdušek, Dušan  |4 aut 
245 1 |a Elektrické a dielektrické vlastnosti vybraných gúm :  |b Diplomová práca 
260 |a Trnava :  |b STU v Bratislave MtF KMI,  |c 2001 
300 |a 62 s 
650 7 |a materiálové inžinierstvo  |2 stusub 
650 7 |a spracovanie a aplikácia plastov  |2 stusub 
700 1 |a Kubliha, Marian  |4 xxx  |u M1000  |U MTF Materiálovotechnologická fakulta  |T MTF Ústav materiálov  |X 4308  |U M1000  |Y 81  |7 4308